| 000 | 01851nam a22003377a 4500 | ||
|---|---|---|---|
| 999 |
_c12022 _d12022 |
||
| 001 | 12022 | ||
| 003 | BD-JhCC | ||
| 005 | 20221124134023.0 | ||
| 007 | ta | ||
| 008 | 210307s2007 nyu 22 eng | ||
| 017 |
_aPA1-590-360 _bU.S. Copyright Office |
||
| 020 | _a9781408844441 | ||
| 035 | _a(BD-JhCC)12022 | ||
| 040 |
_aDLC _cDLC _eamim _dDLC _dBD-JhCC |
||
| 043 | _aa-af--- | ||
| 050 | 0 | 0 | _aCGE 2373-2379 (viewing print) |
| 082 |
_a813.6 _bHOS 2007 |
||
| 100 | _aHosseini, Khaled | ||
| 245 | 0 | 4 |
_aThe kite runner : _ba thousand splendid suns / _cKhaled Hosseini |
| 260 |
_aLondon : _bBloomsbury, _c2007. |
||
| 300 |
_a417 p. : _bsd., col. ; _c21 cm. |
||
| 520 | _aA Thousand Splendid Suns is a breathtaking story set against the volatile events of Afghanistan's last thirty years-from the Soviet invasion to the reign of the Taliban to post-Taliban rebuilding-that puts the violence, fear, hope and faith of this country in intimate, human terms. It is a tale of two generations of characters brought jarringly together by the tragic sweep of war, where personal lives-the struggle to survive, raise a family, find happiness-are inextricable from the history playing out around them. Propelled by the same storytelling instinct that made The Kite Runner a beloved classic, A Thousand Splendid Suns is at once a remarkable chronicle of three decades of Afghan history and a deeply moving account of family and friendship. It is a striking, heart wrenching novel of an unforgiving time, an unlikely friendship, and an indestructible love-a stunning accomplishment. | ||
| 650 | 0 |
_aMale friendship _vDrama. |
|
| 650 | 0 |
_aSocial classes _vDrama. |
|
| 650 | 0 |
_aBetrayal _vDrama. |
|
| 650 | 0 |
_aBoys _vDrama. |
|
| 651 | 0 |
_aAfghanistan _vDrama. |
|
| 655 | 7 |
_aFilm adaptations. _2lcgft |
|
| 655 | 7 |
_aFiction films. _2lcgft |
|
| 942 |
_2ddc _cBK _010 |
||